| 000 | 00515nam a2200157Ia 4500 | ||
|---|---|---|---|
| 008 | 210716s2009 xx 000 0 und d | ||
| 020 | _a9788177584448 | ||
| 041 | _aeng | ||
| 082 | _a658.001 KEAP | ||
| 100 | _aKeat, Paul G; Young, Philip, K Y; Banerjee, Sreejata. | ||
| 245 |
_aManagerial economics: economic tools for todays decision makers. _bEconomic tools for todays decision makers. |
||
| 250 | _a5 | ||
| 260 |
_aNew Delhi _bPearson Education _c2009 |
||
| 300 | _axxii,562 | ||
| 650 | _aManagerial Economics | ||
| 999 |
_c204683 _d204683 |
||